<?xml version="1.0" encoding="UTF-8"?>
<record
    xmlns:xsi="http://www.w3.org/2001/XMLSchema-instance"
    xsi:schemaLocation="http://www.loc.gov/MARC21/slim http://www.loc.gov/standards/marcxml/schema/MARC21slim.xsd"
    xmlns="http://www.loc.gov/MARC21/slim">

  <leader>00985cam a2200217   4500</leader>
  <datafield tag="082" ind1="0" ind2="0">
    <subfield code="a">625.734</subfield>
    <subfield code="b">HAN</subfield>
    <subfield code="c">D</subfield>
  </datafield>
  <datafield tag="245" ind1="0" ind2="0">
    <subfield code="a">Handbook of steel drainage &amp; highway construction products.</subfield>
    <subfield code="c">Prepared under direction of the Highway Task Force for Committee of Galvanized Sheet Producers [and] Committee of Hot Rolled and Cold Rolled Sheet and Strip Producers.</subfield>
  </datafield>
  <datafield tag="250" ind1=" " ind2=" ">
    <subfield code="a">2d ed.</subfield>
  </datafield>
  <datafield tag="260" ind1=" " ind2=" ">
    <subfield code="a">New York,</subfield>
    <subfield code="b">American Iron and Steel Institute,</subfield>
    <subfield code="c">1971.</subfield>
  </datafield>
  <datafield tag="300" ind1=" " ind2=" ">
    <subfield code="a">348 p.</subfield>
    <subfield code="b">illus.</subfield>
    <subfield code="c">24 cm.</subfield>
  </datafield>
  <datafield tag="526" ind1=" " ind2=" ">
    <subfield code="a">0</subfield>
    <subfield code="b">0</subfield>
    <subfield code="c">0</subfield>
    <subfield code="d">625_734000000000000_HAN</subfield>
  </datafield>
  <datafield tag="650" ind1=" " ind2="0">
    <subfield code="a">Culverts</subfield>
    <subfield code="x">Handbooks, manuals, etc.</subfield>
    <subfield code="9">43668</subfield>
  </datafield>
  <datafield tag="650" ind1=" " ind2="0">
    <subfield code="a">Drainage</subfield>
    <subfield code="x">Handbooks, manuals, etc.</subfield>
    <subfield code="9">43669</subfield>
  </datafield>
  <datafield tag="650" ind1=" " ind2="0">
    <subfield code="a">MCE</subfield>
    <subfield code="9">379</subfield>
  </datafield>
  <datafield tag="650" ind1=" " ind2="0">
    <subfield code="a">Roads</subfield>
    <subfield code="x">Accessories</subfield>
    <subfield code="x">Handbooks, manuals, etc.</subfield>
    <subfield code="9">43670</subfield>
  </datafield>
  <datafield tag="650" ind1=" " ind2="0">
    <subfield code="a">Steel, Structural</subfield>
    <subfield code="x">Handbooks, manuals, etc.</subfield>
    <subfield code="9">38842</subfield>
  </datafield>
  <datafield tag="710" ind1="2" ind2=" ">
    <subfield code="a">American Iron and Steel Institute.</subfield>
    <subfield code="9">6043</subfield>
  </datafield>
  <datafield tag="710" ind1="2" ind2=" ">
    <subfield code="a">American Iron and Steel Institute.</subfield>
    <subfield code="9">6043</subfield>
  </datafield>
  <datafield tag="710" ind1="2" ind2=" ">
    <subfield code="a">American Iron and Steel Institute.</subfield>
    <subfield code="9">6043</subfield>
  </datafield>
  <datafield tag="942" ind1=" " ind2=" ">
    <subfield code="2">ddc</subfield>
    <subfield code="c">BK</subfield>
  </datafield>
  <datafield tag="999" ind1=" " ind2=" ">
    <subfield code="c">547483</subfield>
    <subfield code="d">547483</subfield>
  </datafield>
  <datafield tag="952" ind1=" " ind2=" ">
    <subfield code="0">0</subfield>
    <subfield code="1">0</subfield>
    <subfield code="2">ddc</subfield>
    <subfield code="4">0</subfield>
    <subfield code="7">0</subfield>
    <subfield code="a">MCE</subfield>
    <subfield code="b">MCE</subfield>
    <subfield code="d">2014-07-18</subfield>
    <subfield code="l">0</subfield>
    <subfield code="o">625.734 HAN</subfield>
    <subfield code="p">MCE-41939</subfield>
    <subfield code="r">2014-07-18</subfield>
    <subfield code="w">2014-07-18</subfield>
    <subfield code="y">BK</subfield>
  </datafield>
</record>
